[Event "Championnat de France 2022"]
[Site "ALBI, France"]
[Date "2022.08.19"]
[Round "7.5"]
[White "Barberis, Valentin"]
[Black "Devecchi, Jorge"]
[Result "1/2-1/2"]
[WhiteElo "1874"]
[BlackElo "1942"]
[PlyCount "115"]
[EventDate "2022.??.??"]

1. d4 {2} d5 {6} 2. c4 {13} e6 {6} 3. Nc3 {8} Nf6 {6} 4. Bg5 {6} Be7 {34} 5. e3
{13} Nbd7 {15} 6. Nf3 O-O {176} 7. Rc1 c6 {143} 8. Bd3 Re8 {674} 9. O-O h6 {257
} 10. Bh4 {497} Nb6 11. Ne5 {632} Nxc4 {67} 12. Nxc4 {7} dxc4 {4} 13. Bxc4 {3}
Nd5 {46} 14. Bg3 {143} Bf6 {287} 15. Qh5 {1070} g6 {926} 16. Qf3 {32} Nxc3 {7}
17. Rxc3 {28} Bd7 {720} 18. Rd3 {178} Bg7 {378} 19. Rfd1 {134} Qc8 {573} 20. h3
{22} b5 {111} 21. Bb3 {35} c5 {16} 22. dxc5 {27} Bc6 {5} 23. Qe2 {310} Qb7 {123
} 24. f3 {15} a5 {22} 25. a3 {112} a4 {447} 26. Ba2 {91} b4 {4} 27. Bc4 {78} e5
{141} 28. Bd5 {264} bxa3 {99} 29. bxa3 {8} Ra5 {6} 30. Qc2 {157} Bf8 {101} 31.
Bxc6 {307} Qxc6 {6} 32. Rc3 {26} Rxc5 {480} 33. Rxc5 {12} Bxc5 {4} 34. Kh2 {82}
Qb6 {66} 35. Qxa4 {12} Re7 {89} 36. Rd7 {576} Qe6 {214} 37. Rxe7 {1171} Qxe7 {
13} 38. Qe4 {116} Bxa3 {121} 39. Bxe5 {20} Bd6 {48} 40. Qa8+ {134} Qf8 {6} 41.
Qd5 {6} Bxe5+ {51} 42. Qxe5 {2} Qb4 {69} 43. e4 {38} h5 {147} 44. f4 {30} Qe1 {
165} 45. Qd4 {796} h4 {221} 46. Qd3 {9} Kf8 {71} 47. Qf3 {344} Ke7 {171} 48. g3
{91} hxg3+ {174} 49. Kg2 {5} Kf6 {219} 50. h4 {44} Kg7 {39} 51. f5 {36} gxf5 {
224} 52. Qxf5 {7} f6 {35} 53. h5 {67} Kf7 {44} 54. Qf3 {215} Ke7 {36} 55. Kh3 {
324} Kf7 {102} 56. Kg4 {227} Kg7 {75} 57. Qxg3 {12} Qxe4+ {11} 58. Qf4 {31}
1/2-1/2

[Event "Championnat de France 2022"]
[Site "ALBI, France"]
[Date "2022.08.20"]
[Round "8.1"]
[White "Coles, Robin"]
[Black "Ragneau, Freddy"]
[Result "1-0"]
[WhiteElo "1932"]
[BlackElo "1858"]
[PlyCount "85"]
[EventDate "2022.??.??"]

1. e4 {5} c5 {27} 2. Nf3 {7} g6 {26} 3. c3 {9} Bg7 {63} 4. d4 {5} cxd4 {17} 5.
cxd4 {5} d6 {53} 6. Nc3 {65} Nf6 {213} 7. Bc4 {121} O-O {88} 8. O-O {54} a6 {
618} 9. a4 {269} Nc6 {173} 10. d5 {100} Na5 {392} 11. Be2 {244} Nd7 {216} 12.
Be3 {238} b6 {592} 13. Bd4 {155} Ne5 {360} 14. Nd2 {378} f6 {278} 15. f4 {70}
Nf7 {10} 16. b4 {13} Nb7 {17} 17. Nc4 {30} a5 {638} 18. Bxb6 {145} Qd7 {50} 19.
Nxa5 {631} Nxa5 {38} 20. Bb5 {233} Qb7 {75} 21. Bxa5 {77} f5 {38} 22. Rc1 {47}
Nh6 {296} 23. Bc6 {58} Qa7+ {7} 24. Kh1 {5} Ba6 {308} 25. Bxa8 {108} Bxf1 {34}
26. Qxf1 {6} Rxa8 {31} 27. Nb5 {975} Qe3 {105} 28. Re1 {182} Qb3 {27} 29. Nc7 {
6} Rb8 {87} 30. e5 {384} dxe5 {93} 31. fxe5 {20} Ng4 {34} 32. d6 {181} e6 {303}
33. Na6 {63} Rf8 {473} 34. d7 {96} Bxe5 {51} 35. d8=Q {414} Rxd8 {15} 36. Bxd8
{5} Bxh2 {35} 37. Qf3 {94} Qc4 {257} 38. Qe2 {48} Qf4 {132} 39. Qxe6+ {126} Kg7
{14} 40. Qe7+ {122} Kg8 {9} 41. Qe8+ {92} Kg7 {11} 42. Re7+ {56} Kh6 {16} 43.
Qf8+ {3} 1-0

[Event "Championnat de France 2022"]
[Site "ALBI, France"]
[Date "2022.08.20"]
[Round "8.2"]
[White "Meddouri-Bernard, Edouard"]
[Black "Courjal, Pauline"]
[Result "1-0"]
[WhiteElo "1890"]
[BlackElo "1901"]
[PlyCount "75"]
[EventDate "2022.??.??"]

1. e4 {2} c5 {7} 2. Nf3 {5} d6 {1} 3. d4 {4} cxd4 {4} 4. Nxd4 {3} Nf6 {5} 5.
Nc3 {2} Nc6 {5} 6. f3 {4} e5 {4} 7. Nb3 {3} Be7 {3} 8. Be3 {4} O-O {9} 9. Qd2 {
9} a5 {4} 10. Bb5 {6} Be6 {21} 11. O-O-O {14} Nb4 {47} 12. Kb1 {97} d5 {258}
13. exd5 {24} Nbxd5 {28} 14. Nxd5 {4} Nxd5 {6} 15. Bc4 {3} Nxe3 {380} 16. Qxe3
{4} Qc8 {4} 17. Bxe6 {10} Qxe6 {5} 18. Rhe1 {24} a4 {840} 19. Nc5 {37} Qc6 {38}
20. Nd7 {231} Rfc8 {294} 21. Nb6 {186} Qxc2+ {1467} 22. Ka1 {4} a3 {482} 23.
Qb3 {95} Qxg2 {683} 24. Nxa8 {91} Rxa8 {497} 25. Rd7 {801} Bf6 {88} 26. Rxb7 {
231} h6 {666} 27. Qxf7+ {201} Kh8 {6} 28. Qd5 {518} Rc8 {56} 29. Qe4 {29} Qd2 {
125} 30. bxa3 {130} Rc1+ {25} 31. Rxc1 {2} Qxc1+ {5} 32. Rb1 {6} Qc3+ {10} 33.
Rb2 {3} Qc1+ {4} 34. Qb1 {2} Qc3 {5} 35. a4 {607} e4 {16} 36. fxe4 {11} Qa3 {85
} 37. Qc2 {81} Qb4 {155} 38. Qc8+ {42} 1-0

[Event "Championnat de France 2022"]
[Site "ALBI, France"]
[Date "2022.08.20"]
[Round "8.3"]
[White "Giry, Jean-Marc"]
[Black "Barberis, Valentin"]
[Result "0-1"]
[WhiteElo "1966"]
[BlackElo "1874"]
[PlyCount "28"]
[EventDate "2022.??.??"]

1. c4 {1} e5 {116} 2. g3 {7} Nc6 {48} 3. Bg2 {6} Bc5 {47} 4. e3 {19} a6 {114}
5. Nc3 {7} d6 {46} 6. Nge2 {6} Ba7 {106} 7. O-O {16} h5 {25} 8. f4 {94} h4 {431
} 9. Kf2 {295} Nf6 {333} 10. h3 {435} hxg3+ {182} 11. Kxg3 {56} Ng4 {57} 12.
Ng1 {1096} Qh4+ {157} 13. Kf3 {7} Qh5 {1643} 14. Nd5 {123} Nxe3+ {67} 0-1

[Event "Championnat de France 2022"]
[Site "ALBI, France"]
[Date "2022.08.20"]
[Round "8.4"]
[White "Massardo, Quentin"]
[Black "Melis, Achille"]
[Result "1-0"]
[WhiteElo "1939"]
[BlackElo "1835"]
[PlyCount "82"]
[EventDate "2022.??.??"]

1. Nf3 {313} d5 {9} 2. g3 {7} Nf6 {8} 3. Bg2 {5} Bf5 {7} 4. O-O {365} e6 {34}
5. d4 {11} Be7 {12} 6. c4 {9} c6 {6} 7. Nc3 {11} h6 {232} 8. Nd2 {320} Nbd7 {
931} 9. e4 {491} dxe4 {24} 10. Ndxe4 {11} Nxe4 {311} 11. Nxe4 {5} O-O {34} 12.
Qb3 {666} Qb6 {791} 13. Qxb6 {481} Nxb6 {897} 14. b3 {31} Bxe4 {194} 15. Bxe4 {
20} Bf6 {21} 16. Be3 {17} Rfd8 {14} 17. Rad1 {14} Rd7 {23} 18. Rd2 {131} Rad8 {
103} 19. Rfd1 {7} Kf8 {578} 20. f4 {75} Nc8 {827} 21. g4 {499} Nd6 {4} 22. Bf3
{106} g6 {4} 23. d5 {35} cxd5 {43} 24. cxd5 {5} b6 {544} 25. dxe6 {9} fxe6 {11}
26. f5 {398} gxf5 {96} 27. gxf5 {11} Rg7+ {190} 28. Kf1 {5} Ke7 {57} 29. fxe6 {
79} Nf5 {25} 30. Bxh6 {353} Rxd2 {11} 31. Bxd2 {5} Kxe6 {20} 32. Bf4 {60} Be5 {
51} 33. Re1 {13} Nh4 {37} 34. Bxe5 {62} Rg1+ {28} 35. Kxg1 {11} Nxf3+ {5} 36.
Kf1 {85} Nxe1 {17} 37. Kxe1 {14} Kxe5 {5} 38. Kd2 {13} b5 {33} 39. Kc3 {6} a5 {
5} 40. a4 {4} bxa4 {6} 41. bxa4 {6} Kd5 {203} 1-0

[Event "Championnat de France 2022"]
[Site "ALBI, France"]
[Date "2022.08.20"]
[Round "8.5"]
[White "Cazeaux, Didier"]
[Black "Regnault, Alexandre"]
[Result "1-0"]
[WhiteElo "1893"]
[BlackElo "1966"]
[PlyCount "51"]
[EventDate "2022.??.??"]

1. e4 c5 {2038} 2. d3 Nc6 {34} 3. Nf3 d6 {66} 4. g3 g6 {11} 5. Bg2 Bg7 6. O-O
b5 7. c3 Rb8 {1150} 8. h3 e5 {106} 9. Na3 Nge7 {259} 10. Nc2 O-O {60} 11. d4
exd4 12. cxd4 f5 {1679} 13. d5 fxe4 {2343} 14. Ng5 Nd4 15. Nxd4 Bxd4 16. Nxe4
Nxd5 {1920} 17. Bh6 Rf5 {1300} 18. g4 Re5 19. Qf3 Bb7 {1371} 20. Qg3 Nf6 {374}
21. Ng5 Bxg2 22. Qxg2 Bxb2 23. Rae1 Qe7 24. Rxe5 Qxe5 25. Qc6 Bd4 26. Qc7 1-0

[Event "Championnat de France 2022"]
[Site "ALBI, France"]
[Date "2022.08.21"]
[Round "9.1"]
[White "Meddouri-Bernard, Edouard"]
[Black "Coles, Robin"]
[Result "1-0"]
[WhiteElo "1890"]
[BlackElo "1932"]
[PlyCount "49"]
[EventDate "2022.??.??"]

1. e4 {1} e6 {143} 2. d4 {13} d5 {3} 3. Nd2 {11} Nf6 {12} 4. e5 {6} Nfd7 {1} 5.
f4 {5} c5 {4} 6. c3 {2} Nc6 {3} 7. Ndf3 {3} a5 {4} 8. a3 {181} Qb6 {53} 9. g3 {
39} Be7 {55} 10. Bh3 {184} cxd4 {239} 11. cxd4 {15} O-O {99} 12. Ne2 {7} Ndb8 {
153} 13. Nc3 {557} f6 {411} 14. f5 {115} fxe5 {115} 15. fxe6 {21} e4 {656} 16.
Nxd5 {60} Qd8 {15} 17. Nxe7+ {6} Qxe7 {30} 18. Ng5 {769} h6 {195} 19. d5 {34}
hxg5 {289} 20. d6 {20} Qd8 {180} 21. e7 {478} Nxe7 {65} 22. dxe7 {5} Qxe7 {68}
23. Qd5+ {29} Qf7 {164} 24. Qxf7+ {14} Kxf7 {2} 25. Rf1+ {39} 1-0

[Event "Championnat de France 2022"]
[Site "ALBI, France"]
[Date "2022.08.21"]
[Round "9.2"]
[White "Barberis, Valentin"]
[Black "Massardo, Quentin"]
[Result "0-1"]
[WhiteElo "1874"]
[BlackElo "1939"]
[PlyCount "86"]
[EventDate "2022.??.??"]

1. e4 {4} e5 {352} 2. Nc3 {6} Nc6 {5} 3. Bc4 {7} Nf6 {5} 4. d3 {65} Bb4 {7} 5.
Nge2 {71} d5 {191} 6. exd5 {12} Nxd5 {7} 7. O-O {35} Be6 {135} 8. Bxd5 {141}
Bxd5 {13} 9. f4 {14} Qd7 {384} 10. f5 {1090} O-O-O {108} 11. Be3 {290} Nd4 {284
} 12. Ng3 {94} Bc6 {330} 13. a3 {257} Be7 {1050} 14. b4 {680} Bh4 {395} 15.
Nge4 {790} Nxf5 {137} 16. Rxf5 {21} Qxf5 {23} 17. Qe2 {160} Qg6 {399} 18. b5 {
33} Bxe4 {12} 19. dxe4 {363} Kb8 {100} 20. Qc4 {70} Bg5 {157} 21. Bf2 {124} Rd2
{69} 22. Nd5 {31} Rxd5 {448} 23. exd5 {99} f5 {202} 24. Re1 {313} Re8 {161} 25.
a4 {25} Bd2 {29} 26. Rd1 {759} Ba5 {5} 27. Qe2 {57} e4 {73} 28. Bg3 {113} Bb6+
{119} 29. Kh1 Qg4 {8} 30. Qd2 {195} e3 {130} 31. Re1 {12} f4 {11} 32. Qb4 {91}
Ba5 {158} 33. Qxa5 {70} fxg3 {5} 34. d6 {227} cxd6 {67} 35. b6 {24} axb6 {22}
36. Qxb6 {24} Qd7 {167} 37. a5 {118} Qc6 {21} 38. Rxe3 {44} Rxe3 {13} 39. Qxe3
{2} Qxc2 {7} 40. hxg3 {21} Qd1+ {7} 41. Kh2 {6} Qh5+ {4} 42. Kg1 {13} Qc5 {4}
43. Kf2 {37} Ka7 {14} 0-1

[Event "Championnat de France 2022"]
[Site "ALBI, France"]
[Date "2022.08.21"]
[Round "9.3"]
[White "Ragneau, Freddy"]
[Black "Bleuzen, Erwan"]
[Result "0-1"]
[WhiteElo "1858"]
[BlackElo "1948"]
[PlyCount "51"]
[EventDate "2022.??.??"]

1. d4 {7} d5 {18} 2. Nf3 {42} Nf6 {16} 3. e3 {36} c6 {93} 4. Bd3 {40} Bg4 {101}
5. b3 {180} Nbd7 {140} 6. Bb2 {18} e6 {7} 7. Nbd2 {345} Bd6 {194} 8. h3 {13}
Bxf3 {356} 9. Nxf3 {385} Qc7 {43} 10. O-O {155} e5 {139} 11. dxe5 {6} Nxe5 {2}
12. Nxe5 {9} Bxe5 {2} 13. c3 {1160} Nd7 {250} 14. e4 {289} dxe4 {65} 15. Bxe4 {
18} g6 {347} 16. Qd2 {1173} f5 {395} 17. Bf3 {225} O-O-O {7} 18. Qc2 {76} Bf4 {
191} 19. c4 {148} Ne5 {95} 20. Be2 {12} Rd2 {30} 21. Qc3 {301} Rxe2 {267} 22.
g3 {40} Bd2 {118} 23. Qc2 {55} Re8 {63} 24. Rfd1 {538} Nf3+ {54} 25. Kf1 {11}
Qb6 {17} 26. Ba3 {363} 0-1

[Event "Championnat de France 2022"]
[Site "ALBI, France"]
[Date "2022.08.21"]
[Round "9.4"]
[White "Courjal, Pauline"]
[Black "Cazeaux, Didier"]
[Result "0-1"]
[WhiteElo "1901"]
[BlackElo "1893"]
[PlyCount "71"]
[EventDate "2022.??.??"]

1. e4 {290} d6 {6} 2. d4 {6} g6 {4} 3. Nc3 {6} Bg7 {3} 4. Be3 {8} a6 {4} 5. Qd2
{8} b5 {5} 6. h4 {14} h6 {5} 7. h5 {3} g5 {4} 8. f4 {5} gxf4 {3} 9. Bxf4 {6}
Nf6 {73} 10. O-O-O {699} b4 {48} 11. Nd5 {426} Nxe4 {92} 12. Qe3 {59} Nf6 {148}
13. Nxf6+ {398} Bxf6 {7} 14. Bxh6 {10} e6 {100} 15. Kb1 {21} Nd7 {137} 16. g4 {
336} Bb7 {129} 17. Rh2 {190} Rg8 {281} 18. Bg2 {933} Bxg2 {298} 19. Rxg2 {4}
Nb6 {114} 20. g5 {210} Nd5 {99} 21. Qe4 {224} Be7 {582} 22. Qh7 {155} Kd7 {36}
23. Re1 {368} Bxg5 {403} 24. Bxg5 {226} Rxg5 {132} 25. Qxf7+ {84} Kc6 {9} 26.
Rge2 {47} Qg8 {392} 27. Qf1 {127} Rf8 {291} 28. Nf3 {240} Rgf5 {63} 29. Rxe6 {
11} Rxf3 {43} 30. Qc4+ {90} Kb6 {218} 31. Qxd5 {37} Rf1 {13} 32. Qc5+ {37} Kb7
{29} 33. Qxb4+ {13} Kc8 {93} 34. Rxf1 {546} Rxf1+ {16} 35. Re1 {1} Qg1 {15} 36.
Qc5 {81} 0-1

[Event "Championnat de France 2022"]
[Site "ALBI, France"]
[Date "2022.08.21"]
[Round "9.5"]
[White "Jacob, Renaud"]
[Black "Laposte, Nicolas"]
[Result "1-0"]
[WhiteElo "1911"]
[BlackElo "1817"]
[PlyCount "91"]
[EventDate "2022.??.??"]

1. e4 {2} e5 {16} 2. Nf3 {6} Nc6 {25} 3. Bc4 {7} Nf6 {28} 4. d4 {6} exd4 {92}
5. e5 {8} d5 {45} 6. Bb5 {10} Nd7 {100} 7. Bxc6 {321} bxc6 {19} 8. Qxd4 {21}
Bc5 {309} 9. Qc3 {1001} a5 {153} 10. O-O {31} Ba6 {88} 11. Bg5 {385} f6 {254}
12. e6 {284} Bxf1 {168} 13. exd7+ {102} Qxd7 {160} 14. Kxf1 {363} Bb4 {189} 15.
Qe3+ {6} Kf7 {38} 16. Bf4 {22} Rhe8 {267} 17. Qd3 {66} Re4 {325} 18. Be3 {99}
c5 {97} 19. Nc3 {196} Bxc3 {122} 20. bxc3 {112} c4 {72} 21. Qd2 {87} Rb8 {63}
22. Qc1 {297} Qf5 {218} 23. Rb1 {276} Rbe8 {333} 24. Qd2 {184} g5 {95} 25. Kg1
{77} Qd7 {583} 26. Nd4 {699} c5 {135} 27. Ne2 {74} f5 {174} 28. Ng3 {15} f4 {
299} 29. Nxe4 {6} fxe3 {37} 30. Qxe3 {180} Rxe4 {38} 31. Qxg5 {56} Qe7 {290}
32. Qxd5+ {72} Kg7 {33} 33. Kf1 {261} Re2 {216} 34. g3 {146} Re5 {212} 35. Qxc4
{73} Qf6 {72} 36. Qg4+ {100} Kh6 {59} 37. Rd1 {218} Rf5 {113} 38. f4 {26} Qg6 {
109} 39. Qf3 {100} Rf6 {133} 40. g4 {275} Rd6 {38} 41. g5+ {188} Kg7 {14} 42.
Qb7+ {28} Kg8 {44} 43. Qb8+ {6} Kg7 {12} 44. Rxd6 {25} Qxc2 {32} 45. Qc7+ {5}
Kf8 {7} 46. Rd8# {4} 1-0